000 01038nam a22002417a 4500
999 _c92933
_d92933
005 20221228123140.0
010 _aENG-112703 ENG-135962
020 _a9788172131531
_c425.00
035 _aEN-96235
035 _aEN-119494
037 _bDBAD/PUB
082 _a 305.90691209541
245 _aImmigration and demographic transformation in North-East India /
_cedited by A.C.Borah
260 _aGuwahati
_bPurbanchal Prakash
_c2012
270 _aH.N.2, Sewjee Path, Wireless,
_bGuwahati
_e781001
_mpurbanchal_prakash@yahoo.com
300 _a159p.
_c22cm(Hbk)
_bReferences and list of contributors
500 _aIncludes bibliographical references.
520 _a Papers presented at the National Seminar on "Immigration and Demographic Transformation in North East India", held at Sivasagar.
650 _a Immigrants
_z India, Northeastern
_vCongresses.
650 _aDemographic transition
_zIndia, Northeastern
_vCongresses.
700 _aBorah, A.C.
_eEditor
942 _2ddc
_cEN
_mIMM
_h 305.90691209541